000 00664nam a2200217Ia 4500
001 b1704-21815 [270]
003 IT-MiCISF
005 20251209145517.0
008 161014s9999||||xx |||||||||||||| ||und||
040 _aIT-MiCISF
_cIT-MiCISF
041 _ait
100 _aSinodo diocesano Ancona e Osimo
_962885
245 0 _aFamiglia cristiana speranza di vita per l'uomo
260 _aAncona,
_bRivista diocesana,
_c1986
300 _app. 437
500 _a/ chiesa, fede, educazione-religiosa, matrimonio-sacramento, pastorale-familiare, teologia, famiglia /
650 _aPastorale-familiare
654 _asussidio
942 _cBK
_2ddc
999 _c215839
_d215839
999 _bsi